000 00412nam a2200169Ia 4500
008 230524s9999 xx 000 0 und d
020 _a9780071072830
082 _a5.133
_bBAL
100 _aE.Balagurusamy
245 0 _aObject Oriented Programming with C++
250 _a2ND
260 _aNEW DELHI
_bTMH
_c2004
300 _aXIV;533
500 _aQuantity Number: 270
650 _aComp-Sc
942 _cBK
999 _c17992
_d17992